| 000 | 01598nam a2200229Ia 4500 | ||
|---|---|---|---|
| 003 | Ost | ||
| 005 | 20260507075317.0 | ||
| 008 | 260507s9999||||xx |||||||||||||| ||und|| | ||
| 020 | _a2583217977 | ||
| 040 | _cfsecg | ||
| 041 | _aara | ||
| 082 | _a657.0285 | ||
| 100 |
_aلطفي، أمين السيد احمد _eمؤلف |
||
| 245 | 0 |
_aمراجعة المعلومات المحاسبية و مسؤوليات التقرير / _c أمين السيد احمد لطفي |
|
| 260 |
_aالاسكندرية: _bالدار الجامعية, _c2009 |
||
| 300 |
_a643 صفحة؛ _bإيضاحات ؛ _c25 سم |
||
| 520 | _aمراجعة دورة الايرادات و المتحصلات و مراجعة دورة الأجور و إدارة الموارد البشرية ، مراجعة دورة المشتريات و المدفوعات ، مراجعة دورة المخزون و المستوداعات أي دورة الانتاج و التحويل ، مراجعة دورة الانتاج و التحويل الأصول الثابتة و اهتلاكاتها ، مراجعة دورة الحصول على رأس المال و إعادة الدفع دورة التمويل ، مراجعة الأرصدة النقدية و الاستثمارات و حسابات مختارة أخرى ، مرحلة إتمام و فحص عملية المراجعة ، و أخيرا تقارير المراجعة الى مستخدمي القوائم المالية و الادارة | ||
| 653 | _aالتقارير المالية | ||
| 653 | _aالمحاسبة | ||
| 653 | _aمراجعة الحسابات | ||
| 942 | _cكتاب | ||
| 999 |
_c43899 _d43899 |
||